<?xml version="1.0" encoding="UTF-8"?><?xml-stylesheet type="text/xsl" href="static/style.xsl"?><OAI-PMH xmlns="http://www.openarchives.org/OAI/2.0/" xmlns:xsi="http://www.w3.org/2001/XMLSchema-instance" xsi:schemaLocation="http://www.openarchives.org/OAI/2.0/ http://www.openarchives.org/OAI/2.0/OAI-PMH.xsd"><responseDate>2026-04-13T02:05:29Z</responseDate><request verb="GetRecord" identifier="oai:www.recercat.cat:11351/13106" metadataPrefix="marc">https://recercat.cat/oai/request</request><GetRecord><record><header><identifier>oai:recercat.cat:11351/13106</identifier><datestamp>2025-10-24T10:20:26Z</datestamp><setSpec>com_2072_378070</setSpec><setSpec>com_2072_378040</setSpec><setSpec>col_2072_378092</setSpec></header><metadata><record xmlns="http://www.loc.gov/MARC21/slim" xmlns:dcterms="http://purl.org/dc/terms/" xmlns:xsi="http://www.w3.org/2001/XMLSchema-instance" xmlns:doc="http://www.lyncode.com/xoai" xsi:schemaLocation="http://www.loc.gov/MARC21/slim http://www.loc.gov/standards/marcxml/schema/MARC21slim.xsd">
   <leader>00925njm 22002777a 4500</leader>
   <datafield ind2=" " ind1=" " tag="042">
      <subfield code="a">dc</subfield>
   </datafield>
   <datafield ind2=" " ind1=" " tag="720">
      <subfield code="a">Passiglia, Francesco</subfield>
      <subfield code="e">author</subfield>
   </datafield>
   <datafield ind2=" " ind1=" " tag="720">
      <subfield code="a">Listi, Angela</subfield>
      <subfield code="e">author</subfield>
   </datafield>
   <datafield ind2=" " ind1=" " tag="720">
      <subfield code="a">Bironzo, Paolo</subfield>
      <subfield code="e">author</subfield>
   </datafield>
   <datafield ind2=" " ind1=" " tag="720">
      <subfield code="a">Merlini, Alessandra</subfield>
      <subfield code="e">author</subfield>
   </datafield>
   <datafield ind2=" " ind1=" " tag="720">
      <subfield code="a">Benso, Federica</subfield>
      <subfield code="e">author</subfield>
   </datafield>
   <datafield ind2=" " ind1=" " tag="720">
      <subfield code="a">napoli, francesca</subfield>
      <subfield code="e">author</subfield>
   </datafield>
   <datafield ind2=" " ind1=" " tag="720">
      <subfield code="a">FELIP, ENRIQUETA</subfield>
      <subfield code="e">author</subfield>
   </datafield>
   <datafield ind2=" " ind1=" " tag="260">
      <subfield code="c">2025-05-19T06:29:30Z</subfield>
   </datafield>
   <datafield ind2=" " ind1=" " tag="260">
      <subfield code="c">2025-05-19T06:29:30Z</subfield>
   </datafield>
   <datafield ind2=" " ind1=" " tag="260">
      <subfield code="c">2024</subfield>
   </datafield>
   <datafield ind2=" " ind1=" " tag="260">
      <subfield code="c">2025-05</subfield>
   </datafield>
   <datafield ind2=" " ind1=" " tag="520">
      <subfield code="a">Proves de biomarcadors; Càncer de pulmó; Teràpia dirigida</subfield>
   </datafield>
   <datafield ind2=" " ind1=" " tag="520">
      <subfield code="a">Biomarker testing; Lung cancer; Targeted therapy</subfield>
   </datafield>
   <datafield ind2=" " ind1=" " tag="520">
      <subfield code="a">Pruebas de biomarcadores; Cáncer de pulmón; Terapia dirigida</subfield>
   </datafield>
   <datafield ind2=" " ind1=" " tag="520">
      <subfield code="a">Introduction&#xd;
The advocacy Women Against Lung Cancer in Europe (WALCE) promoted the European Program for the Routine Testing of Patients With Advanced Lung Cancer (EPROPA) and provided a free-of-charge molecular profiling platform for NSCLC sample characterization with the aim of increasing the detection of targetable drivers and improving patients’ access to clinical trials in Europe.&#xd;
Methods&#xd;
From January 2021 to December 2023, 20 centers located at five different European countries (Greece, Slovenia, Romania, Albania, and Italy) joined EPROPA, with 555 patients with advanced NSCLC registered to the program. Anonymized patients’ clinical-pathological data were shared through the EPROPA web platform and tissue samples were collected at the Molecular Pathology Unit of the Reference Center (University of Turin) for molecular analyses. A comprehensive genomic profiling by a targeted next-generation sequencing approach has been performed and molecular reports have been discussed within the molecular tumor board to assess patients’ eligibility for clinical trials.&#xd;
Results&#xd;
The average turnaround time was eight days, with only 30 out of 555 tissue samples (6%) not suitable for molecular analysis. In the 525 analyzed samples, a total of 570 molecular alterations have been identified, including 264 pathogenic targetable oncogenic alterations and 113 cases with co-occurring mutations. A total of 18 molecular alterations with potential germline and hereditary cancer syndrome implications have been reported. The identification of a clinical trial was considered for 205 patients. After molecular tumor board discussion, 30 patients were enrolled and treated in clinical studies available in Europe. Survival outcomes were significantly improved in patients with targetable molecular alterations receiving a matched targeted therapy.&#xd;
Conclusion&#xd;
This data confirmed the feasibility and usefulness of the program in the real-world practice scenario, supporting the implementation of next-generation sequencing–based molecular characterization of NSCLC samples, to reduce the unequal access to tests, drugs, and clinical trials in Europe.</subfield>
   </datafield>
   <datafield ind2=" " ind1=" " tag="520">
      <subfield code="a">This work was supported by an unrestricted educational grant by AstraZeneca, Amgen, BeiGene, Blueprint Medicines, Boeringher Ingelheim, Gilead, Incyte, Eli Lilly, Merck, MSD, Novartis, Pfizer, Roche, Sanofi, Thermo Fisher Scientific with no role in study design, data collection, data analysis, data interpretation and report writing. To the Women Against Lung Cancer Europe (WALCE) Advocacy Group, Francesca Arizio, Cristina Destro, Ewelina Smzytke (LuCE), Angela Dicorato (SC Oncology – ASU GI, Trieste, Italy), Ravzan Curca (Spitalul Juedetean de Urgenta, Alba Iulia, Romania) and Daniela Elvira Sirbu (Centrul de Oncologie Oncohelp, Timisoara, Romania).</subfield>
   </datafield>
   <datafield ind1="8" ind2=" " tag="024">
      <subfield code="a">http://hdl.handle.net/11351/13106</subfield>
   </datafield>
   <datafield tag="653" ind2=" " ind1=" ">
      <subfield code="a">Anomalies cromosòmiques</subfield>
   </datafield>
   <datafield tag="653" ind2=" " ind1=" ">
      <subfield code="a">Medicina personalitzada</subfield>
   </datafield>
   <datafield tag="653" ind2=" " ind1=" ">
      <subfield code="a">Pulmons - Càncer - Aspectes genètics</subfield>
   </datafield>
   <datafield tag="653" ind2=" " ind1=" ">
      <subfield code="a">PHENOMENA AND PROCESSES::Genetic Phenomena::Genetic Variation::Mutation</subfield>
   </datafield>
   <datafield tag="653" ind2=" " ind1=" ">
      <subfield code="a">DISEASES::Neoplasms::Neoplasms by Site::Thoracic Neoplasms::Respiratory Tract Neoplasms::Lung Neoplasms::Bronchial Neoplasms::Carcinoma, Bronchogenic::Carcinoma, Non-Small-Cell Lung</subfield>
   </datafield>
   <datafield tag="653" ind2=" " ind1=" ">
      <subfield code="a">Other subheadings::Other subheadings::Other subheadings::/genetics</subfield>
   </datafield>
   <datafield tag="653" ind2=" " ind1=" ">
      <subfield code="a">ANALYTICAL, DIAGNOSTIC AND THERAPEUTIC TECHNIQUES, AND EQUIPMENT::Therapeutics::Precision Medicine</subfield>
   </datafield>
   <datafield tag="653" ind2=" " ind1=" ">
      <subfield code="a">FENÓMENOS Y PROCESOS::fenómenos genéticos::variación genética::mutación</subfield>
   </datafield>
   <datafield tag="653" ind2=" " ind1=" ">
      <subfield code="a">ENFERMEDADES::neoplasias::neoplasias por localización::neoplasias torácicas::neoplasias del tracto respiratorio::neoplasias pulmonares::neoplasias de los bronquios::carcinoma broncogénico::carcinoma de pulmón de células no pequeñas</subfield>
   </datafield>
   <datafield tag="653" ind2=" " ind1=" ">
      <subfield code="a">Otros calificadores::Otros calificadores::Otros calificadores::/genética</subfield>
   </datafield>
   <datafield tag="653" ind2=" " ind1=" ">
      <subfield code="a">TÉCNICAS Y EQUIPOS ANALÍTICOS, DIAGNÓSTICOS Y TERAPÉUTICOS::terapéutica::medicina de precisión</subfield>
   </datafield>
   <datafield ind2="0" ind1="0" tag="245">
      <subfield code="a">Actionable NSCLC Mutation Identification by Comprehensive Genomic Profiling for Clinical Trial Enrollment: The European Program for the Routine Testing of Patients With Advanced Lung Cancer (EPROPA)</subfield>
   </datafield>
</record></metadata></record></GetRecord></OAI-PMH>